LEADER 01792nam 2200421zu 450 001 9911009200403321 005 20250715233614.0 010 $a9791037038111 035 $a(CKB)30480581600041 035 $a(VLeBooks)9791037038111 035 $a(MiAaPQ)EBC31924597 035 $a(Au-PeEL)EBL31924597 035 $a(FR-PaCSA)88953836 035 $a(FRCYB88953836)88953836 035 $a(Perlego)4340730 035 $a(EXLCZ)9930480581600041 100 $a20240223|2024uuuu || | 101 0 $aeng 135 $aur||||||||||| 181 $ctxt$2rdacontent 182 $cc$2rdamedia 183 $acr$2rdacarrier 200 10$a1945 - Hiroshima (Nouvelle ed.): Les images sources 205 $a1st ed. 210 $cEditions Hermann$d2024 215 $a1 online resource (192 p.) 311 08$a9791037038104 330 $aCet ouvrage repertorie et analyse les centaines de photographies prises en aout 1945, le jour et aux lendemains des deux bombardements atomiques sur Hiroshima et Nagasaki. Il resitue le contexte dans lequel les cliches ont ete pris. Il retrace la vie de leurs auteurs japonais ou americains, et montre, enfin, comment ces images sources ont ete relayees et reinvesties dans la culture.Livre d'histoire et de reflexion sur le statut historiographique de l'image, 1945 - Hiroshima est aussi un acte d'engagement pour une intelligence des faits et des differentes manieres dont ils sont reproduits.Nouvelle edition revue et corrigee 606 $aHISTORY / General$2bisacsh 615 7$aHISTORY / General 700 $aLucken$b Michael$01092850 801 0$bMiAaPQ 801 1$bMiAaPQ 801 2$bMiAaPQ 906 $aBOOK 912 $a9911009200403321 996 $a1945 - Hiroshima (Nouvelle ed.): Les images sources$94395604 997 $aUNINA